000 00225nam a22000977a 4500
999 _c16104
_d16104
003 OSt
008 191106b ||||| |||| 00| 0 eng d
100 _aGandhi,M K.
_94546
245 _aThe task before Indian students
942 _cBK